| 000 | 01978ncm0a2200385 4500 | ||
|---|---|---|---|
| 001 | RU\NLR\ONIZ\215219 | ||
| 005 | 20250626044838.0 | ||
| 010 | _a978-5-222-15568-4 | ||
| 021 |
_aRU _b10-13н _910-3н |
||
| 035 | _aRU\NLR\ONIZ\Таня\5000003098\20161026114929 | ||
| 035 | _a(NLR Aleph) 011337575 | ||
| 090 |
_a11171361 _c11171361 |
||
| 100 | _a20161026d2009 |||y0rusy50 ca | ||
| 101 | 0 | _arus | |
| 102 | _aRU | ||
| 125 | _azx | ||
| 145 | 0 | _ab | |
| 200 | 1 |
_aХрестоматия юного гитариста _bНоты _e[для 1-5 кл. ДМШ] _fавт.-сост. А. Бердников |
|
| 210 |
_aРостов-на-Дону _cФеникс _d2009 |
||
| 215 |
_a158 с. _cил. _d28 см |
||
| 225 | 1 | _aУчебные пособия для ДМШ | |
| 300 | _aНа обл.: Музыка народов мира. Пьесы. Этюды | ||
| 313 | _aСистематизация документа проведена по изданию - Методика классифицирования музыкальных произведений (нотных изданий) по таблицам Библиотечно-библиографических классификаций : метод. рекомендации / Гос. б-ка СССР им. В.И. Ленина.- М., 1977. Индексу ББК методических рекомендаций присваивается код ББК для научных библиотек - LBC/SL | ||
| 686 |
_aЩ956.493(2Р) _vLBC/SL _2rubbk |
||
| 701 | 1 |
_9z01790 _aБердников _bА. Л. _gАндрей Леонидович _4070 _4220 _7ca |
|
| 790 | 1 |
_9z01701 _aBerdnikov _bA. L. _gAndrej Leonidovich _4070 _4220 _7ba |
|
| 801 | 0 |
_aRU _bNLR _c20161026 _gPSBO |
|
| 801 | 1 |
_aRU _bNLR _c20161026 _2rusmarc |
|
| 801 | 2 |
_aRU _bNLR _c20190630 |
|
| 852 |
_aNLR _bМ _j3/10992 _pМОЭ 2010-3н/13н _t1 |
||
| 852 |
_aNLR _bМ _j3/10992а _pМОЭ 2010-3н/13на _t2 |
||
| 942 | _cSCORE | ||
| 980 | _aNB | ||
| 980 | _aONIZ | ||